LIBRARY & INFORMATION CENTRE, KCAET, TAVANUR

ONLINE PUBLIC ACCESS CATALOGUE (OPAC)

Fundamentals of statistics / (Record no. 128)

MARC details
000 -LEADER
fixed length control field 00517cam a2200217ua 4500
041 ## - LANGUAGE CODE
Language code of text/sound track or separate title eng
082 ## - DEWEY DECIMAL CLASSIFICATION NUMBER
Classification number 519
Item number ELH/FU
100 ## - MAIN ENTRY--AUTHOR NAME
Personal name Elhaance, D N .
245 ## - TITLE STATEMENT
Title Fundamentals of statistics /
250 ## - EDITION STATEMENT
Edition statement 1 /
260 ## - PUBLICATION, DISTRIBUTION, ETC. (IMPRINT)
Place of publication Allahabad :
Name of publisher Kitab Mahal ,
Year of publication 1964.
300 ## - PHYSICAL DESCRIPTION
Number of Pages 1218 ; .
700 1# - ADDED ENTRY--PERSONAL NAME
Personal name Elhance, Veena .
942 ## - ADDED ENTRY ELEMENTS (KOHA)
Koha item type Books
Holdings
Withdrawn status Lost status Damaged status Home library Current library Date acquired Full call number Accession Number Koha item type Shelving location
    Damaged KAUAET KAUAET 15/12/1988 519 ELH/FU 16473 Books  
      KAUAET KAUAET 15/12/1988 519 ELH/FU 16472 Books Binding Shelf
      KAUAET KAUAET 15/12/1988 519 ELH/FU 16471 Books Binding Shelf
free website counter